Statistiken für Die größten deutschen Binnenhäfen

Klicken Sie hier um das Quiz zu spielen!

Allgemein

  • Dieses Quiz wurde 150 mal gespielt
  • Das Durchschnittsergebnis liegt bei 7 aus 11

Antwortstatistiken

RangGüterumschlag 2022 (t)Stadt% Korrekt
28,3 MillionenHamburg
90%
103,2 MillionenBremen
87%
38,2 MillionenKöln
84%
141,9 MillionenDuisburg
81%
75,6 MillionenNeuss
79%
94,8 MillionenFrankfurt am Main
71%
47,6 MillionenMannheim
64%
65,6 MillionenLudwigshafen
59%
56,2 MillionenKarlsruhe
49%
84,9 MillionenGelsenkirchen
21%
112,9 MillionenMarl
3%

Verteilung der Resultate

Perzentil nach korrekt beantworteten Fragen

Anzahl Personen mit jedem Resultat

Ihre Resultats-Entwicklung

Sie haben dieses Quiz noch nicht gespielt